[Event "Colin Crouch Masters 1st"]
[Site "Harrow High School"]
[Date "2016.04.08"]
[Round "7.10"]
[White "Kalaiyalahan, Akshaya"]
[Black "Stanisz, Patryk"]
[Result "1-0"]
[WhiteElo "2212"]
[BlackElo "2128"]
[PlyCount "53"]
[EventDate "2016.04.02"]
[EventType "swiss"]
[EventRounds "9"]
[EventCountry "ENG"]
[Source "John Saunders"]
[SourceDate "2016.04.28"]
[WhiteClock "0:28:51"]
[BlackClock "0:13:49"]

1. d4 d5 2. c4 c6 3. Nf3 Nf6 4. g3 e6 5. Bg2 Nbd7 6. O-O Bd6 7. Nc3 O-O 8. Nd2
Re8 9. e4 dxe4 10. Ndxe4 Bf8 11. Bf4 Nxe4 12. Nxe4 Nf6 13. Nc3 g6 14. a3 Nh5
15. Be3 Ng7 16. d5 exd5 17. cxd5 Bd7 18. Qb3 Nf5 19. Qxb7 Rb8 20. Qxa7 Nxe3 21.
fxe3 Rxb2 22. dxc6 Rxg2+ 23. Kxg2 Bxc6+ 24. Kg1 Qd2 25. Qxf7+ Kh8 26. Qf6+ Bg7
27. Qxc6 1-0

[Event "Colin Crouch Masters 1st"]
[Site "Harrow High School"]
[Date "2016.04.08"]
[Round "7.11"]
[White "Britton, Richard L"]
[Black "Topal, M Onat"]
[Result "1-0"]
[WhiteElo "2186"]
[BlackElo "1998"]
[PlyCount "141"]
[EventDate "2016.04.02"]
[EventType "swiss"]
[EventRounds "9"]
[EventCountry "ENG"]
[Source "John Saunders"]
[SourceDate "2016.04.28"]
[WhiteClock "0:20:20"]
[BlackClock "0:05:38"]

1. e4 c6 2. d3 d5 3. Nd2 e5 4. Ngf3 Bd6 5. g3 Nf6 6. Bg2 O-O 7. O-O Re8 8. Re1
Qc7 9. Nf1 Nbd7 10. Nh4 g6 11. Bg5 b6 12. Qd2 Be7 13. Bh6 Nf8 14. h3 Bb7 15.
Nf3 dxe4 16. dxe4 Ne6 17. Qc3 Bd6 18. N1d2 c5 19. Bf1 Nd4 20. a4 Bf8 21. Bxf8
Kxf8 22. Rac1 a6 23. Qe3 Kg7 24. Nh4 Qd7 25. c3 Ne6 26. Nc4 Nxe4 27. Nxb6 Qc6
28. Qxe4 Qxe4 29. Rxe4 Bxe4 30. Nxa8 Rxa8 31. Re1 f5 32. f3 Bc6 33. Rxe5 Kf6
34. f4 Bxa4 35. Bc4 Bd7 36. Bxe6 Bxe6 37. Rxc5 a5 38. Nf3 a4 39. Nd4 Bf7 40.
Rc6+ Kg7 41. Rc5 Rb8 42. Rb5 Rxb5 43. Nxb5 Kf6 44. Nd4 Ke7 45. Nc6+ Kd6 46. Ne5
Be6 47. Kf2 Kd5 48. Ke3 Kc5 49. Kd3 Kd5 50. c4+ Kc5 51. Kc3 Bc8 52. Nd3+ Kd6
53. Kb4 Bd7 54. Nc5 Bc6 55. Nxa4 h6 56. Nc5 g5 57. Nd3 Bg2 58. h4 gxh4 59. gxh4
Kc6 60. Kc3 Kb6 61. b4 Kc6 62. b5+ Kb6 63. Kb4 Bf1 64. c5+ Kc7 65. Ne5 Bg2 66.
c6 Kb6 67. Nc4+ Kc7 68. Kc5 Be4 69. b6+ Kb8 70. c7+ Kc8 71. Nd6+ 1-0

[Event "Colin Crouch Masters 1st"]
[Site "Harrow High School"]
[Date "2016.04.08"]
[Round "7.12"]
[White "Grieve, Harry"]
[Black "Kalavannan, Koby"]
[Result "1/2-1/2"]
[WhiteElo "2106"]
[BlackElo "2094"]
[PlyCount "165"]
[EventDate "2016.04.02"]
[EventType "swiss"]
[EventRounds "9"]
[EventCountry "ENG"]
[Source "John Saunders"]
[SourceDate "2016.04.28"]
[WhiteClock "0:36:33"]
[BlackClock "0:29:21"]

1. d4 Nf6 2. Bg5 d5 3. Bxf6 exf6 4. e3 Bd6 5. g3 O-O 6. Bg2 f5 7. Ne2 c6 8. O-O
Nd7 9. b3 Nf6 10. c4 Be6 11. Qd3 g6 12. Nbc3 Bb4 13. a3 Bxc3 14. Nxc3 dxc4 15.
bxc4 Qa5 16. Rfb1 Rab8 17. d5 cxd5 18. cxd5 Rfd8 19. Qd4 Ne8 20. Qb4 Qxb4 21.
axb4 Bd7 22. Rxa7 Nd6 23. Raa1 Rbc8 24. Na4 Bxa4 25. Rxa4 Nb5 26. Rba1 Nc3 27.
Ra7 Rb8 28. d6 Rxd6 29. Rxb7 Rxb7 30. Bxb7 Rb6 31. Bf3 Rxb4 32. Ra7 Ne4 33.
Ra8+ Kg7 34. Re8 Ng5 35. Kg2 h5 36. h4 Nxf3 37. Kxf3 Kf6 38. Rd8 Rb2 39. Rd6+
Ke7 40. Ra6 Rc2 41. Rb6 Ra2 42. Rc6 Kd7 43. Rf6 Ke7 44. Rb6 Rc2 45. Rb4 Kf6 46.
e4 fxe4+ 47. Rxe4 Rc3+ 48. Re3 Rc4 49. Rb3 Ra4 50. Rc3 Rb4 51. Ra3 Rc4 52. Ra6+
Kg7 53. Ke3 Rc3+ 54. Ke4 Rc2 55. Kf3 Rc3+ 56. Kg2 Rb3 57. Rc6 Ra3 58. Rb6 Rc3
59. Rb2 Kf6 60. f3 Rc4 61. Rb3 Rc2+ 62. Kh3 Rc1 63. g4 hxg4+ 64. fxg4 Rh1+ 65.
Kg3 Rg1+ 66. Kf4 Rh1 67. Rb6+ Kg7 68. Kg3 Rg1+ 69. Kh3 Rh1+ 70. Kg3 Rg1+ 71.
Kf4 Rf1+ 72. Kg3 Rg1+ 73. Kf3 Rh1 74. Kg3 Rg1+ 75. Kh3 Rh1+ 76. Kg3 Rg1+ 77.
Kh3 Rh1+ 78. Kg3 Rg1+ 79. Kf3 Rh1 80. Kg3 Rg1+ 81. Kh3 Rh1+ 82. Kg3 Rg1+ 83.
Kh3 1/2-1/2

[Event "Colin Crouch Masters 1st"]
[Site "Harrow High School"]
[Date "2016.04.08"]
[Round "7.13"]
[White "Fegan, Chris"]
[Black "Jones, Steven A"]
[Result "0-1"]
[WhiteElo "2079"]
[BlackElo "2211"]
[PlyCount "76"]
[EventDate "2016.04.02"]
[EventType "swiss"]
[EventRounds "9"]
[EventCountry "ENG"]
[Source "John Saunders"]
[SourceDate "2016.04.28"]
[WhiteClock "0:54:55"]
[BlackClock "0:39:19"]

1. e4 c5 2. a3 g6 3. b4 Bg7 4. c3 b6 5. bxc5 bxc5 6. Bc4 Nc6 7. Nf3 e6 8. O-O
Nge7 9. d4 d5 10. exd5 exd5 11. Bb5 O-O 12. dxc5 Qc7 13. Re1 Be6 14. Nd4 Nxd4
15. cxd4 Qa5 16. a4 Bxd4 17. Rxe6 fxe6 18. Qxd4 Qe1+ 19. Bf1 Qxc1 20. Nd2 Nf5
21. Rxc1 Nxd4 22. f3 Rab8 23. Nb1 Rfc8 24. Kf2 Nb3 25. Re1 Nxc5 26. Nc3 Rb2+
27. Kg3 a6 28. Ne2 e5 29. Nc3 d4 30. Nd5 Kf7 31. Bc4 Ne4+ 32. Rxe4 Rxc4 33.
Rxe5 Rb7 34. a5 Rc5 35. Kf4 Rd7 36. Nb6 Rxe5 37. Nxd7 Rxa5 38. Ke4 d3 0-1

[Event "Colin Crouch Masters 1st"]
[Site "Harrow High School"]
[Date "2016.04.08"]
[Round "7.14"]
[White "Harari, Zaki"]
[Black "Golding, James"]
[Result "1-0"]
[WhiteElo "2065"]
[BlackElo "2095"]
[PlyCount "85"]
[EventDate "2016.04.02"]
[EventType "swiss"]
[EventRounds "9"]
[EventCountry "ENG"]
[Source "John Saunders"]
[SourceDate "2016.04.28"]
[WhiteClock "0:03:57"]
[BlackClock "0:35:35"]

1. e4 e5 2. f4 Bc5 3. Nf3 d6 4. Nc3 Nc6 5. Bc4 Nf6 6. d3 h6 7. Na4 Bb6 8. Nxb6
axb6 9. c3 Qe7 10. O-O O-O 11. fxe5 dxe5 12. Qe1 Re8 13. Nh4 Na5 14. Kh1 Nxc4
15. dxc4 Be6 16. Nf5 Bxf5 17. Rxf5 Rad8 18. Rf1 Rd6 19. Be3 c5 20. Qh4 Nh7 21.
Qg4 Qd7 22. Qf3 Nf6 23. Rad1 Ree6 24. h3 Nxe4 25. Rxd6 Nxd6 26. Rd1 Qe7 27. b3
Qh4 28. Bf2 Qe4 29. Rxd6 Qb1+ 30. Rd1 Qxa2 31. Rd8+ Kh7 32. Qf5+ Rg6 33. Qxf7
Rf6 34. Qg8+ Kg6 35. Qe8+ Kh7 36. Bh4 Qe2 37. Qg8+ Kg6 38. Qd5 Qf1+ 39. Kh2
Qf4+ 40. Bg3 Qc1 41. Qd3+ Kf7 42. Rd7+ Kg8 43. Bxe5 1-0

[Event "Colin Crouch Masters 1st"]
[Site "Harrow High School"]
[Date "2016.04.08"]
[Round "7.15"]
[White "Rice, Chris B"]
[Black "Psaila, Clarence"]
[Result "0-1"]
[WhiteElo "2038"]
[BlackElo "2067"]
[PlyCount "68"]
[EventDate "2016.04.02"]
[EventType "swiss"]
[EventRounds "9"]
[EventCountry "ENG"]
[Source "John Saunders"]
[SourceDate "2016.04.28"]
[WhiteClock "0:00:53"]
[BlackClock "0:09:17"]

1. c4 f5 2. g3 Nf6 3. Bg2 d6 4. Nc3 e5 5. d4 Be7 6. Nf3 e4 7. Nd2 c5 8. d5 Nbd7
9. f3 exf3 10. Nxf3 Ng4 11. O-O Nde5 12. Bd2 O-O 13. b3 a6 14. Qc2 Bf6 15. Nxe5
Bxe5 16. Rf3 b5 17. h3 Nf6 18. Bf4 Qe7 19. Bxe5 Qxe5 20. Rd1 bxc4 21. bxc4 Rb8
22. Rdd3 Qe7 23. Rde3 Qd7 24. a3 g6 25. Rf1 Re8 26. Rff3 Kg7 27. Kh2 Rb6 28.
Qa4 Qxa4 29. Nxa4 Rb1 30. Rxe8 Nxe8 31. Nc3 Rc1 32. Rd3 Nf6 33. Bf3 Nd7 34. e3
Ne5 0-1

[Event "Colin Crouch Masters 1st"]
[Site "Harrow High School"]
[Date "2016.04.08"]
[Round "7.16"]
[White "Young, Daniel J"]
[Black "Armstrong, William G"]
[Result "1-0"]
[WhiteElo "1807"]
[BlackElo "1868"]
[PlyCount "79"]
[EventDate "2016.04.02"]
[EventType "swiss"]
[EventRounds "9"]
[EventCountry "ENG"]
[Source "John Saunders"]
[SourceDate "2016.04.28"]

1. e4 e5 2. Nf3 Nc6 3. Bb5 a6 4. Ba4 Nf6 5. O-O d6 6. c3 b5 7. Bc2 Be7 8. h3
O-O 9. d4 exd4 10. cxd4 Nb4 11. Bb3 Bb7 12. a3 Nc6 13. Nc3 Na5 14. Bc2 d5 15.
e5 Ne4 16. Qe1 Nxc3 17. Qxc3 c6 18. b3 c5 19. dxc5 Nc6 20. b4 f5 21. Bb3 Bc8
22. Bb2 Be6 23. Rad1 Ra7 24. Nd4 Nxd4 25. Qxd4 Kh8 26. Rc1 Qa8 27. Rfd1 Rd8 28.
Qd2 a5 29. Qd3 axb4 30. axb4 Qc6 31. Ra1 Rad7 32. Ra5 Rb8 33. Rda1 d4 34. Ra6
Bc4 35. Bxc4 bxc4 36. Qxc4 Qe4 37. c6 Rc7 38. Ra8 Rbc8 39. Qa6 Qxc6 40. Rxc8+
1-0

[Event "Colin Crouch Masters 1st"]
[Site "Harrow High School"]
[Date "2016.04.08"]
[Round "7.17"]
[White "Moreby, James"]
[Black "Brozel, Sacha"]
[Result "1-0"]
[WhiteElo "2008"]
[BlackElo "1981"]
[PlyCount "69"]
[EventDate "2016.04.02"]
[EventType "swiss"]
[EventRounds "9"]
[EventCountry "ENG"]
[Source "John Saunders"]
[SourceDate "2016.04.28"]
[WhiteClock "0:18:39"]
[BlackClock "0:25:04"]

1. c4 c5 2. Nc3 Nc6 3. Nf3 g6 4. e3 Bg7 5. d4 cxd4 6. exd4 d6 7. Be3 Bg4 8. Be2
e5 9. d5 Nce7 10. Nxe5 Bxe5 11. Bxg4 f5 12. Be2 f4 13. Bd4 Nf6 14. Bxe5 dxe5
15. O-O O-O 16. Bf3 Nf5 17. Re1 Re8 18. Ne4 Rc8 19. b3 Nd6 20. Nxd6 Qxd6 21.
Be4 b5 22. cxb5 Nxe4 23. Rxe4 Rc5 24. Qe2 Rxd5 25. Rxf4 e4 26. g3 Rde5 27. Qc4+
Kh8 28. Re1 Qe7 29. Rf7 Qg5 30. Rxa7 e3 31. f4 Qf6 32. Rf7 Qb6 33. fxe5 e2+ 34.
Rf2 Rxe5 35. Qc8+ 1-0

[Event "Colin Crouch Masters 1st"]
[Site "Harrow High School"]
[Date "2016.04.08"]
[Round "7.18"]
[White "Golding, Alex"]
[Black "De Paolis, Fabrizio"]
[Result "1-0"]
[WhiteElo "1994"]
[BlackElo "1878"]
[PlyCount "69"]
[EventDate "2016.04.02"]
[EventType "swiss"]
[EventRounds "9"]
[EventCountry "ENG"]
[Source "John Saunders"]
[SourceDate "2016.04.28"]
[WhiteClock "1:15:07"]
[BlackClock "0:08:41"]

1. e4 c6 2. d4 d5 3. e5 c5 4. dxc5 Nc6 5. Nf3 e6 6. a3 Bxc5 7. b4 Bf8 8. Bb2 a6
9. c4 Nge7 10. Nbd2 Ng6 11. Qc2 Be7 12. Rd1 O-O 13. Bd3 Qc7 14. cxd5 exd5 15.
O-O Be6 16. Nb3 Rac8 17. Rc1 Qd7 18. Qd2 Rfe8 19. Rfe1 Nf8 20. Nc5 Qc7 21. Nd4
Qb6 22. Nxc6 Rxc6 23. Bd4 Qc7 24. f4 g6 25. Rc2 Rc8 26. Rec1 Nd7 27. Nxe6 fxe6
28. Rxc6 bxc6 29. Bxa6 Rb8 30. Qc3 Nb6 31. Qxc6 Qxc6 32. Rxc6 Nc4 33. Bxc4 dxc4
34. Rxe6 Kf7 35. Rc6 1-0

[Event "Colin Crouch Masters 1st"]
[Site "Harrow High School"]
[Date "2016.04.08"]
[Round "7.19"]
[White "Mandnikar, Atreya"]
[Black "Robinson, Nette"]
[Result "1-0"]
[WhiteElo "1689"]
[BlackElo "1501"]
[PlyCount "99"]
[EventDate "2016.04.02"]
[EventType "swiss"]
[EventRounds "9"]
[EventCountry "ENG"]
[Source "John Saunders"]
[SourceDate "2016.04.28"]
[WhiteClock "0:49:57"]
[BlackClock "0:29:22"]

1. e4 c6 2. d4 d5 3. exd5 cxd5 4. Nf3 Nc6 5. Bd3 Bg4 6. c3 Nf6 7. Bg5 e6 8.
Nbd2 Be7 9. O-O O-O 10. Qc2 g6 11. Ne5 Bf5 12. Bxf5 exf5 13. Ndf3 Re8 14. Rfe1
Qd6 15. Bh6 Ne4 16. h4 Bf6 17. Bf4 Bg7 18. Rad1 Nd8 19. Nd3 Qb6 20. Ng5 Ne6 21.
Nxe6 Rxe6 22. f3 Nf6 23. Nc5 Ree8 24. Qc1 Qc6 25. Nd3 Re6 26. Rxe6 fxe6 27. Re1
Re8 28. Bh6 Qd6 29. Ne5 Nd7 30. Bxg7 Kxg7 31. Qh6+ Kg8 32. h5 Nxe5 33. Rxe5 Qf8
34. Qg5 Kf7 35. Re2 Qg7 36. hxg6+ Qxg6 37. Qxg6+ hxg6 38. Kf2 Kf6 39. f4 Rh8
40. Re1 Rh4 41. Kg3 g5 42. fxg5+ Kxg5 43. Rxe6 Re4 44. Rxe4 dxe4 45. Kf2 f4 46.
d5 Kf6 47. c4 b6 48. g3 e3+ 49. Kf3 fxg3 50. Kxg3 1-0

[Event "Colin Crouch Masters 1st"]
[Site "Harrow High School"]
[Date "2016.04.08"]
[Round "7.23"]
[White "Santos Ruiz, Miguel"]
[Black "Ross, Chris N"]
[Result "1-0"]
[WhiteElo "2422"]
[BlackElo "2194"]
[PlyCount "87"]
[EventDate "2016.04.02"]
[EventType "swiss"]
[EventRounds "9"]
[EventCountry "ENG"]
[Source "John Saunders"]
[SourceDate "2016.04.28"]

1. e4 g6 2. d4 Bg7 3. Nc3 d6 4. f4 Nf6 5. Nf3 O-O 6. e5 Nfd7 7. Bc4 Nb6 8. Bb3
Nc6 9. a4 a5 10. Be3 Nb4 11. O-O c6 12. Ne4 d5 13. Ned2 f5 14. c3 Na6 15. Bc2
Kh8 16. Qb1 Nc4 17. Nxc4 dxc4 18. b3 Be6 19. Ng5 Bg8 20. bxc4 h6 21. Nf3 Bxc4
22. Qxb7 Kh7 23. Rfb1 Qd5 24. Qxe7 Rfe8 25. Qh4 Nc7 26. Nd2 Rab8 27. Qf2 Ba2
28. Rxb8 Rxb8 29. Bd3 Rb2 30. Qf1 Qd8 31. Qc1 Qb8 32. Bc4 Rxd2 33. Rxa2 Rxa2
34. Bxa2 Nd5 35. Bd2 Qb6 36. Qb1 Qxb1+ 37. Bxb1 Nb6 38. Bc2 Nc4 39. Bc1 Bf8 40.
Bb3 Ba3 41. Bxa3 Nxa3 42. Ba2 Kg7 43. Kf2 g5 44. g3 1-0

[Event "Colin Crouch Masters 1st"]
[Site "Harrow High School"]
[Date "2016.04.09"]
[Round "8.1"]
[White "Gormally, Daniel W"]
[Black "Vakhidov, Jahongir"]
[Result "1/2-1/2"]
[WhiteElo "2490"]
[BlackElo "2576"]
[PlyCount "100"]
[EventDate "2016.04.02"]
[EventType "swiss"]
[EventRounds "9"]
[EventCountry "ENG"]
[Source "John Saunders"]
[SourceDate "2016.04.28"]
[WhiteClock "0:52:27"]
[BlackClock "0:08:10"]

1. e4 d5 2. exd5 Qxd5 3. Nf3 g6 4. d4 Bg7 5. c4 Qd8 6. Nc3 Nh6 7. Be2 O-O 8.
O-O Nf5 9. d5 c6 10. Re1 cxd5 11. cxd5 Nd7 12. Bc4 a6 13. Bf4 b5 14. Bb3 Bb7
15. Qd2 Nc5 16. Rad1 Nxb3 17. axb3 e6 18. dxe6 Qxd2 19. Nxd2 fxe6 20. Be5 Bxe5
21. Rxe5 Rad8 22. Ree1 Rd4 23. Nf1 b4 24. Na4 Rg4 25. Ng3 Nh4 26. f3 Bxf3 27.
gxf3 Nxf3+ 28. Kg2 Nxe1+ 29. Rxe1 h5 30. Kh3 Rf2 31. Rxe6 g5 32. Nxh5 Rh4+ 33.
Kg3 Rfxh2 34. Nf6+ Kf7 35. Nc5 R2h3+ 36. Kg2 Rh2+ 37. Kg3 R2h3+ 38. Kg2 Rxb3
39. Nfe4 Rg4+ 40. Kf2 Rxb2+ 41. Kf3 Rf4+ 42. Ke3 Rb3+ 43. Ke2 Rb2+ 44. Ke3 Rb3+
45. Ke2 Rxe4+ 46. Rxe4 Rb1 47. Nd3 b3 48. Ra4 b2 49. Rb4 a5 50. Rxb2 Rxb2+
1/2-1/2

[Event "Colin Crouch Masters 1st"]
[Site "Harrow High School"]
[Date "2016.04.09"]
[Round "8.2"]
[White "Berkes, Ferenc"]
[Black "Fodor, Tamas Jr"]
[Result "1-0"]
[WhiteElo "2644"]
[BlackElo "2505"]
[PlyCount "101"]
[EventDate "2016.04.02"]
[EventType "swiss"]
[EventRounds "9"]
[EventCountry "ENG"]
[Source "John Saunders"]
[SourceDate "2016.04.28"]
[WhiteClock "0:22:36"]
[BlackClock "0:05:50"]

1. c4 c6 2. e4 d5 3. exd5 cxd5 4. cxd5 Nf6 5. Qa4+ Nbd7 6. Nc3 g6 7. Nf3 Bg7 8.
Bc4 O-O 9. d3 a6 10. Qa3 b6 11. O-O Bb7 12. Re1 Re8 13. Ng5 b5 14. Bb3 Nb6 15.
d6 e6 16. Nge4 Nfd5 17. Bg5 f6 18. Nxd5 Bxd5 19. Be3 Bxb3 20. Qxb3 Nd5 21. Bc5
Qd7 22. d4 Kf7 23. a4 b4 24. Nd2 Bf8 25. Nc4 a5 26. Re2 Ra6 27. Rae1 Kg7 28. g3
h5 29. h4 Kf7 30. Qd3 Raa8 31. Qf3 Kg7 32. Kh2 Ra6 33. Re4 Bxd6 34. Nxd6 Rxd6
35. Bxd6 Qxd6 36. Qe2 Kf7 37. Qb5 Qc7 38. R4e2 Re7 39. Kg1 f5 40. Qa6 Qb6 41.
Qxb6 Nxb6 42. b3 Nd5 43. Re5 Re8 44. Kg2 f4 45. Rc1 fxg3 46. fxg3 Rd8 47. Rc6
Re8 48. Ra6 Rc8 49. Rexe6 Rc2+ 50. Kf3 Nc7 51. Rec6 1-0

[Event "Colin Crouch Masters 1st"]
[Site "Harrow High School"]
[Date "2016.04.09"]
[Round "8.3"]
[White "Tan, Justin"]
[Black "Santos Ruiz, Miguel"]
[Result "1-0"]
[WhiteElo "2452"]
[BlackElo "2422"]
[PlyCount "79"]
[EventDate "2016.04.02"]
[EventType "swiss"]
[EventRounds "9"]
[EventCountry "ENG"]
[Source "John Saunders"]
[SourceDate "2016.04.28"]
[WhiteClock "0:05:42"]
[BlackClock "0:04:15"]

1. e4 c5 2. Nf3 e6 3. d4 cxd4 4. Nxd4 Nc6 5. Nb5 d6 6. c4 Nf6 7. N1c3 a6 8. Na3
Be7 9. Be2 O-O 10. O-O b6 11. Be3 Bb7 12. Qb3 Ne5 13. f3 Ned7 14. Rfd1 Re8 15.
Bf2 Qb8 16. Bf1 Bd8 17. Qc2 Bc7 18. g3 h5 19. Qd2 h4 20. Qg5 hxg3 21. Bxg3 Ne5
22. Bg2 Ng6 23. Rac1 Qa7 24. Kh1 Rad8 25. Nc2 Nh7 26. Qe3 Nf6 27. Nd4 Nh5 28.
Qg5 Nxg3+ 29. hxg3 d5 30. cxd5 exd5 31. Nxd5 Bxd5 32. exd5 Re5 33. Nf5 b5 34.
f4 Re2 35. Nd4 Rxb2 36. Be4 Nf8 37. Nc6 Rh2+ 38. Kxh2 Qf2+ 39. Bg2 Rd6 40. Ne7+
1-0

[Event "Colin Crouch Masters 1st"]
[Site "Harrow High School"]
[Date "2016.04.09"]
[Round "8.4"]
[White "Osborne, Marcus E"]
[Black "Gareyev, Timur"]
[Result "0-1"]
[WhiteElo "2213"]
[BlackElo "2611"]
[PlyCount "50"]
[EventDate "2016.04.02"]
[EventType "swiss"]
[EventRounds "9"]
[EventCountry "ENG"]
[Source "John Saunders"]
[SourceDate "2016.04.28"]
[WhiteClock "0:43:16"]
[BlackClock "0:40:10"]

1. c4 e5 2. Nc3 Nf6 3. Nf3 Nc6 4. e3 d5 5. cxd5 Nxd5 6. Qc2 Nxc3 7. bxc3 Bd6 8.
d4 O-O 9. Be2 Re8 10. Bd3 h6 11. O-O Qe7 12. d5 e4 13. Bxe4 Qxe4 14. Qxe4 Rxe4
15. dxc6 bxc6 16. Rd1 Rc4 17. Nd2 Ra4 18. Nb3 Rb8 19. Rd4 Ra6 20. Nd2 c5 21.
Rd3 Be6 22. e4 c4 23. Re3 Bf4 24. Re2 Be5 25. Nb1 Rab6 0-1

[Event "Colin Crouch Masters 1st"]
[Site "Harrow High School"]
[Date "2016.04.09"]
[Round "8.5"]
[White "Batchelor, Peter J"]
[Black "Lalic, Bogdan"]
[Result "1/2-1/2"]
[WhiteElo "2335"]
[BlackElo "2425"]
[PlyCount "86"]
[EventDate "2016.04.02"]
[EventType "swiss"]
[EventRounds "9"]
[EventCountry "ENG"]
[Source "John Saunders"]
[SourceDate "2016.04.28"]
[WhiteClock "0:27:10"]
[BlackClock "1:16:44"]

1. d4 Nf6 2. c4 c5 3. Nf3 cxd4 4. Nxd4 e6 5. Nc3 a6 6. g3 Qc7 7. Qd3 Nc6 8.
Nxc6 dxc6 9. Bg2 Be7 10. O-O O-O 11. b3 Rd8 12. Qc2 e5 13. Bb2 Be6 14. Rad1
Rxd1 15. Rxd1 Rd8 16. Rxd8+ Qxd8 17. Qd1 Qxd1+ 18. Nxd1 Nd7 19. Bc3 f5 20. h4
Kf7 21. Nb2 e4 22. e3 Bf6 23. Bxf6 Kxf6 24. f3 exf3 25. Bxf3 Ne5 26. Be2 b5 27.
cxb5 axb5 28. Kf2 b4 29. Ke1 Ke7 30. Nd3 Nxd3+ 31. Bxd3 c5 32. e4 fxe4 33. Bxe4
h6 34. Bd3 Kd6 35. Ke2 Ke5 36. Ke3 g5 37. hxg5 hxg5 38. Bc2 c4 39. bxc4 Bxc4
40. Bb3 Bxb3 41. axb3 g4 42. Kd3 Kd5 43. Ke3 Ke5 1/2-1/2

[Event "Colin Crouch Masters 1st"]
[Site "Harrow High School"]
[Date "2016.04.09"]
[Round "8.6"]
[White "Jackson, James P"]
[Black "Lyell, Mark"]
[Result "1-0"]
[WhiteElo "2348"]
[BlackElo "2242"]
[PlyCount "71"]
[EventDate "2016.04.02"]
[EventType "swiss"]
[EventRounds "9"]
[EventCountry "ENG"]
[Source "John Saunders"]
[SourceDate "2016.04.28"]
[WhiteClock "0:11:18"]
[BlackClock "0:08:56"]

1. e4 e6 2. d4 d5 3. Nc3 Nf6 4. e5 Nfd7 5. f4 c5 6. Nf3 Nc6 7. Be3 cxd4 8. Nxd4
Bc5 9. Qd2 O-O 10. O-O-O a6 11. Qf2 Bxd4 12. Bxd4 b5 13. Be3 Bb7 14. Bd3 Rc8
15. Kb1 Nb4 16. Bd4 Qe7 17. Ne2 Nxd3 18. cxd3 a5 19. Rhe1 b4 20. Qg3 Nc5 21.
Qe3 Ba6 22. f5 exf5 23. Bxc5 Rxc5 24. Nd4 g6 25. e6 Rfc8 26. exf7+ Qxf7 27. Qe5
Bb5 28. Qd6 f4 29. g4 Qc7 30. Nxb5 Rxb5 31. Re8+ Rxe8 32. Qxc7 b3 33. Qxf4 Rb4
34. Qf6 bxa2+ 35. Kxa2 Rxg4 36. Qc6 1-0

[Event "Colin Crouch Masters 1st"]
[Site "Harrow High School"]
[Date "2016.04.09"]
[Round "8.7"]
[White "Wadsworth, Matthew J"]
[Black "Hill, Alistair"]
[Result "1-0"]
[WhiteElo "2290"]
[BlackElo "2204"]
[PlyCount "31"]
[EventDate "2016.04.02"]
[EventType "swiss"]
[EventRounds "9"]
[EventCountry "ENG"]
[Source "John Saunders"]
[SourceDate "2016.04.28"]
[WhiteClock "1:15:05"]
[BlackClock "1:12:40"]

1. c4 Nf6 2. g3 e5 3. Bg2 Nc6 4. Nc3 Bc5 5. Nf3 d6 6. O-O O-O 7. d3 h6 8. a3 a5
9. e3 Re8 10. b3 Bg4 11. h3 Be6 12. d4 e4 13. Ne1 Qd7 14. Kh2 Ng4+ 15. hxg4
Bxg4 16. f3 1-0

[Event "Colin Crouch Masters 1st"]
[Site "Harrow High School"]
[Date "2016.04.09"]
[Round "8.8"]
[White "Kalaiyalahan, Akshaya"]
[Black "Brzezinski, Adam"]
[Result "1-0"]
[WhiteElo "2212"]
[BlackElo "2203"]
[PlyCount "91"]
[EventDate "2016.04.02"]
[EventType "swiss"]
[EventRounds "9"]
[EventCountry "ENG"]
[Source "John Saunders"]
[SourceDate "2016.04.28"]
[WhiteClock "0:32:01"]
[BlackClock "0:16:39"]

1. d4 e6 2. c4 Bb4+ 3. Bd2 a5 4. g3 Nf6 5. Bg2 d5 6. Nf3 c6 7. Qc2 O-O 8. O-O
Nbd7 9. Bg5 Be7 10. Nbd2 h6 11. Bxf6 Nxf6 12. e4 b5 13. e5 Nd7 14. c5 Re8 15.
Ne1 f5 16. f4 b4 17. a3 Ba6 18. Rf2 Qc7 19. Bf1 Reb8 20. Bxa6 Rxa6 21. Nd3 Qb7
22. axb4 axb4 23. Rxa6 Qxa6 24. Qb3 Kh8 25. Rf1 g5 26. Kh1 g4 27. Rc1 h5 28.
Kg1 Kg7 29. Kf2 h4 30. Nf1 hxg3+ 31. hxg3 Rb7 32. Ne3 Qa8 33. Rh1 Qa5 34. Nc2
Bxc5 35. Nxc5 Nxc5 36. dxc5 Qxc5+ 37. Kg2 Qb6 38. Qd3 c5 39. Ne3 c4 40. Nxf5+
exf5 41. Qxd5 Rc7 42. Qd8 Qc6+ 43. Kg1 c3 44. Qh8+ Kf7 45. Rh7+ Ke6 46. Qg8+
1-0

[Event "Colin Crouch Masters 1st"]
[Site "Harrow High School"]
[Date "2016.04.09"]
[Round "8.9"]
[White "Willmoth, Robert F"]
[Black "Britton, Richard L"]
[Result "0-1"]
[WhiteElo "2152"]
[BlackElo "2186"]
[PlyCount "92"]
[EventDate "2016.04.02"]
[EventType "swiss"]
[EventRounds "9"]
[EventCountry "ENG"]
[Source "John Saunders"]
[SourceDate "2016.04.28"]
[WhiteClock "0:20:34"]
[BlackClock "0:05:43"]

1. Nf3 Nf6 2. g3 g6 3. Bg2 Bg7 4. O-O O-O 5. d4 d6 6. c4 Nc6 7. Nc3 e5 8. d5
Ne7 9. e4 Ne8 10. Ne1 f5 11. Nd3 Nf6 12. Bg5 h6 13. Bxf6 Bxf6 14. f4 exf4 15.
Nxf4 Be5 16. Qd2 g5 17. Ne6 Bxe6 18. dxe6 f4 19. Ne2 Ng6 20. Bf3 c6 21. Bh5 Rf6
22. Bg4 Qb6+ 23. Kh1 Raf8 24. Bf5 Ne7 25. g4 h5 26. gxh5 Nxf5 27. exf5 Qd8 28.
Rad1 Rxf5 29. Nd4 R5f6 30. Nf3 Rxe6 31. Nxg5 Rh6 32. Rg1 Kh8 33. Qe2 Qe8 34. c5
f3 35. Nxf3 Qxh5 36. Rgf1 Bxh2 37. Qxh2 Rxf3 38. Qxh5 Rxf1+ 39. Rxf1 Rxh5+ 40.
Kg2 Rxc5 41. Rf2 Kg7 42. Kf1 Re5 43. Rd2 d5 44. Rg2+ Kf7 45. Rh2 Re7 46. Rh6
Ke8 0-1

[Event "Colin Crouch Masters 1st"]
[Site "Harrow High School"]
[Date "2016.04.09"]
[Round "8.10"]
[White "Psaila, Clarence"]
[Black "Harari, Zaki"]
[Result "1/2-1/2"]
[WhiteElo "2067"]
[BlackElo "2065"]
[PlyCount "23"]
[EventDate "2016.04.02"]
[EventType "swiss"]
[EventRounds "9"]
[EventCountry "ENG"]
[Source "John Saunders"]
[SourceDate "2016.04.28"]
[WhiteClock "1:11:29"]
[BlackClock "1:01:43"]

1. e4 e6 2. d4 d5 3. exd5 exd5 4. Bd3 Bd6 5. Nc3 c6 6. Nge2 Qf6 7. h4 h6 8. Be3
Ne7 9. Qd2 Bf5 10. h5 Nd7 11. O-O-O Bxd3 12. Qxd3 1/2-1/2